Eurokompas časopis Úradu vlády SR o štrukturálnych fondoch

Gespeichert in:
Bibliographische Detailangaben
Format: Schriftenreihe
Sprache:Slowakisch
Veröffentlicht: Bratislava Úrad vlády Slovenskej republiky
Schlagworte:
Tags: Tag hinzufügen
Keine Tags, Fügen Sie das erste Tag hinzu!

MARC

LEADER 00000nas1a2200000$$$4500
001 0055492
005 20230825112328.8
022 |a 2453-899X 
041 0 |a slo 
044 |a SK 
245 1 0 |a Eurokompas  |b časopis Úradu vlády SR o štrukturálnych fondoch 
264 1 |a Bratislava  |b Úrad vlády Slovenskej republiky 
500 |a Do roku 2014 vychádzal s podnázvom časopis Ministerstva výstavby a regionálneho rozvoja SR o štrukturálnych fondoch 
610 2 0 |a rozvoj regionálny 
610 2 0 |a fondy štruktúrne 
610 2 0 |a spolupráca hospodárska medzinárodná